000 00742nam a2200289Ia 4500
005 20260324125107.0
008 008 260324s9999 xx 000 0 eng d
020 _a9781849773775
037 _aEBOOK
040 _aCRL
040 _beng
040 _cCRL
041 _2eng
041 _aeng
084 _qCRL
100 _aPeter Stansinoupolos; Michael Smith; Karlson Hargroves; Cheryl Desha
_91176670
245 0 _aWhole System Design
245 3 _bAn Integrated Approach to Sustainable Engineering
260 _bTaylor and Francis
260 _c2009
365 _a
365 _b300
856 _uhttp://www.taylorfrancis.com/books/9781849773775
942 _cEBOOK
999 _c1771626
_d1771626